Endothelium and cardiovascular diseases: vascular biology and clinical syndromes (Record no. 31350)
[ view plain ]
| 000 -LEADER | |
|---|---|
| fixed length control field | 00866nam a2200193 a 4500 |
| 008 - FIXED-LENGTH DATA ELEMENTS--GENERAL INFORMATION | |
| fixed length control field | 220114s2018 ||||||||||||||||| || u |
| 020 ## - INTERNATIONAL STANDARD BOOK NUMBER | |
| International Standard Book Number | 9780128123485 |
| 050 ## - LIBRARY OF CONGRESS CALL NUMBER | |
| Classification number | RC 667 Luz |
| 100 ## - MAIN ENTRY--PERSONAL NAME | |
| Personal name | Libby, Peter |
| 245 10 - TITLE STATEMENT | |
| Title | Endothelium and cardiovascular diseases: vascular biology and clinical syndromes |
| Statement of responsibility, etc. | By Protasio L. da Luz; Peter Libby Antonio C.P Chagas; Francisco R. M. Laurindo |
| 260 ## - PUBLICATION, DISTRIBUTION, ETC. | |
| Place of publication, distribution, etc. | Oxford |
| Name of publisher, distributor, etc. | Academic Press is an imprint of Elsevier |
| Date of publication, distribution, etc. | 2018 |
| 300 ## - PHYSICAL DESCRIPTION | |
| Extent | xxviii, 730 pages: illustrations |
| 650 ## - SUBJECT ADDED ENTRY--TOPICAL TERM | |
| Topical term or geographic name entry element | CARDIOVASCULAR SYSTEM--DISEASES |
| 650 ## - SUBJECT ADDED ENTRY--TOPICAL TERM | |
| Topical term or geographic name entry element | ENDOTHELIUM |
| 700 ## - ADDED ENTRY--PERSONAL NAME | |
| Personal name | Laurindo, Francisco R. M |
| 700 ## - ADDED ENTRY--PERSONAL NAME | |
| Personal name | Chagas, Antonio C. P |
| 700 ## - ADDED ENTRY--PERSONAL NAME | |
| Personal name | Da Luz, Protatasio L |
| 995 ## - | |
| -- | MEDICAL LIBRARY OPEN ACCESS |
| -- | 159.99 |
| -- | 905225 |
| -- | CBU-SCHOOL OF MEDICINE LIBRARY (Ndola) |
| -- | RC 667 Luz |
| -- | AVAILABLE |
| -- | Jan 20, 2022 |
| -- | 905225 |
| -- | Main Library Open Access Collection |
| 999 ## - | |
| -- | 31350 |
| -- | 31350 |
| Withdrawn status | Lost status | Source of classification or shelving scheme | Damaged status | Not for loan | Permanent Location | Current Location | Shelving location | Date acquired | Total Checkouts | Full call number | Barcode | Date last seen | Price effective from | Koha item type |
|---|---|---|---|---|---|---|---|---|---|---|---|---|---|---|
| CBU-SCHOOL OF MEDICINE LIBRARY, NDOLA. | CBU-SCHOOL OF MEDICINE LIBRARY, NDOLA. | 11/30/2022 | RC 667 Luz | 905225 | 11/30/2022 | 11/30/2022 | MONOGRAPH |